000
00335nam a2200145Ia 4500
100
_a
Petroutsos/ Evangelos
942
_c
BK
654
_a
Mastering Visual basic 6
245
_a
Mastering Visual Basic 6
260
_b
B P B Pub.
_a
New Delhi
_c
2001
082
_a
005.13VB6
_b
DET
300
_a
1285
546
_a
ENGLISH
999
_c
31289
_d
31289